| Поле | Инд. | ПП | Название | Значение |
|---|---|---|---|---|
| Тип записи | a | |||
| Библиографический уровень | m | |||
| 001 | Контрольный номер | RU\VSU\books\247367 | ||
| 005 | Дата корректировки | 20140703181826.2 | ||
| 020 | a | ISBN | 5-94774-375-2 | |
| 040 | d | Организация, изменившая запись | VSU | |
| a | Служба первич. каталог. | НБ ТвГУ | ||
| 041 | a | Код языка текста | rus | |
| 044 | a | Код страны публикации | RU | |
| 080 | a | Индекс УДК | 544(075.8) | |
| 2 | Идентификатор издания | 3 | ||
| 084 | a | Индекс другой классификации/Индекс ББК | Г5я73-1 | |
| 090 | a | Полочн. индекс | Г5 | |
| x | Авторский знак | Г 70 | ||
| 100 | 1_ | a | Автор | Горшков Владимир Иванович |
| q | Полное имя | Горшков В. И. | ||
| 245 | a | Заглавие | Основы физической химии | |
| b | Продолж. заглавия | учебник для студентов вузов, обучающихся по направлению и специальности "Биология" | ||
| 250 | a | Основные сведения об издании | 3-е изд. | |
| 260 | a | Место издания | Москва | |
| b | Издательство | БИНОМ. Лаборатория знаний | ||
| c | Дата издания | 2006 | ||
| 300 | a | Объем | 407 с. | |
| b | Иллюстрации/ тип воспроизводства | ил., табл. | ||
| 504 | a | Библиография | Предм. указ.: с. 395-402 | |
| 520 | a | Аннотация | В учебнике (1-е изд. — 1986 г.; 2-е изд. — 1993 г.), написанном в соответствии с учебной программой, изложены основы химической термодинамики, учение о химическом равновесии, физическая химия растворов электролитов и неэлектролитов, учение о пограничных потенциалах и электродвижущих силах, химическая кинетика и катализ. Дается краткое описание методов хроматографии, экстракции, ректификации, использования ионоселективных электродов. Рассмотрены исходные положения термодинамики неравновесных процессов. Для студентов биологических специальностей университетов. | |
| 650 | a | Основная рубрика | Химия | |
| 650 | 14 | a | Основная рубрика | Физическая химия |
| x | Основная подрубрика | Учебники для вузов | ||
| 653 | a | Ключевые слова | Физическая химия | |
| a | Ключевые слова | Химия | ||
| 700 | 1_ | a | Другие авторы | Кузнецов Иван Алексеевич |
| q | Полное имя | Кузнецов, И. А. | ||
| 910 | a | гриф есть* | ||
| 920 | a | Оператор | Стру | |
| 930 | a | Новая/Ретро | учебники | |
| 952 | c | Вид литературы | К ру | |
| 954 | a | Дата поступления на обработку | 20091211 |